000 00559nam a22002177a 4500
003 UA-OsUOA
001 43875
007 ta
008 20070129b un ||||| |||| 00| 0 ukr d
100 _aМоскалець К.
090 _a82
_bМ-11
942 _cSA
040 _aUA-OsUOA
_bukr
_cUA-OsUOA
_dUA-OsUOA
245 _aВасиль Стус: незавершений проект
300 _aС.27-59
955 _a0
041 _aukr
080 _a82
773 0 _w43874
650 7 _a82 Література. Літературознавство
_2UDC
999 _c329986
_d329986